Жанрові тенденції в українській та польській драмі другої половини XIX — початку XX століття на тему влади землі (Запис № 463471)

МАРК-запис
000 -Лідер
fixed length control field 03595nam a22002657a 4500
001 - Контрольний номер
control field 216219330
003 - Ідентифікатор контрольного номера
control field UA-OsUOA
005 - Дата та час останнього входження (трансакції)
control field 20210205001832.0
008 - Елементи даних фіксованої довжини – загальна інформація
fixed length control field 200925b un ||||| m||| 00| 0 ukr d
040 ## - Джерело каталогізації
Агенція оригінальної каталогізації UA-OsUOA
Мова каталогізації ukr
Агенція, яка здійснювала перезапис UA-OsUOA
Агенція, яка здійснювала модифікацію UA-OsUOA
041 ## - Код мови
Код мови тексту/ звукової доріжки чи окремого заголовка (П) ukr
080 ## - Індекс Універсальної десяткової класифікації
Індекс Універсальної десяткової класифікації (УДК) (НП) 821.161.2:821.162.1-2.091"184/192"(043.5)
090 ## - Локальний шифр розміщення
Класифікаційний індекс УДК 821.161.2:821.162.1-2.091"184/192"(043.5)
095 ## - Код спеціальності для авторефератів
Код спеціальності 10.01.05
Назва спеціальності порівняльне літературознавство
100 ## - Основне введення – ім’я особи
Ім’я особи (НП) Демьянова С. К.
245 ## - Відомості про назву
Назва (НП) Жанрові тенденції в українській та польській драмі другої половини XIX — початку XX століття на тему влади землі
Дані про відповідальність (НП) Демьянова Софія Костянтинівна ; наук. керівник Малютіна Наталія Павлівна
260 ## - Публікація, розповсюдження і т.п. (Вихідні дані)
Місце публікації, розповсюдження і т.п. (П) Київ
Дата публікації, розповсюдження і т.п. (П) 2016
300 ## - Фізичний опис
Обсяг 20 с.
502 ## - Примітка про дисертацію
Зв'язок Автореферат дисертації на здобуття наукового ступеня кандидата філологічних наук<br/>
Наймення інституції, що представляється Інститут літератури ім. Т. Г. Шевченка
Рік отримання вченого ступеня 2016
520 ## - Резюме і т.п.
Резюме, реферат, анотація, тощо (НП) У дисертації зроблено спробу шляхом порівняльного аналізу системно представити жанрову типологію українських та польських драм II половини XIX — початку XX століття, об’єднаних спільною темою влади землі над свідомістю селянина. Простежено трансформацію драматичних жанрових форм відповідно до зміни тематично-змістового наповнення сюжетів п’єс. Проаналізовано такі жанрові типи в українській та польській драматургії, як-от: драми трагедійного характеру, драматичні сцени (картини, малюнки), драми комедійного спрямування, в тому числі драматичні жарти. 'Зіставлення схожих жанрових типів у близьких драматургія було спрямоване переду сім на виявлення відмінних елементів поетики, несхожості розвитку драматичної дії, вирішення драматичної колізії, розкриття тематики творів. <br/>З’ясовано взаємозалежність зміни художньо-естетичних підходів до драми і традиційних жанрових форм, різновидів, їхньої динаміки до іронічної драми, драми абсурду, трагікомедії. <br/>Характер віднесення до літературної традиції, відмінної в українській та польській драмі, визначив рух жанрових форм у проаналізованих п’єсах і тенденції трансформації класичних жанрів трагедії, драми, комедії.
650 ## - Додаткове предметне введення – тематичний термін
Джерело заголовка чи терміна UDC
Тематичний термін чи географічна назва, як елемент введення (НП) 821.161.2 Українська література
942 ## - Додаткові елементи входу (Коха)
Source of classification or shelving scheme Universal Decimal Classification
Тип елемента Koha Автореферат
955 ## - Код типу видання за змістом
Код типу видання за змістом (НП) Наукові видання

Немає доступних примірників.